000 00307nam a2200133 i 4500
001 bg
245 0 _aPoradnik inżyniera - włókiennictwo.
_nT.2.
250 _aWyd.2 przerob.
260 _aWarszawa,
_c1988.
040 _cBPK
041 _apol
942 _cKS
008 s pl f |000 0 pol
999 _c23909
_d23909
856 _uhttp://koha.tu.koszalin.pl/cgi-bin/koha/opac-detail.pl?biblionumber=23909
_yKatalog online BPK